| 000 | 00947nmm a2200265 a 4500 | ||
|---|---|---|---|
| 001 | ocm000716578 | ||
| 003 | TR-IsHL | ||
| 005 | 20201028153510.0 | ||
| 008 | 140402s2010 tu tur | ||
| 007 | cr cn | ||
| 020 | _a9786055506056 | ||
| 035 |
_a716578 _b(N$T) |
||
| 050 | 0 | 4 |
_aPK6480.T9 _bM48 2010 |
| 090 | 0 | 4 |
_aPK6480.T9 _bM48 2010 |
| 245 | 1 | 0 |
_aMesnevide geçen bütün hikayeler ve hikmetleri _h[electronic resource] / _cderl. Mehmet Zeren |
| 260 |
_aİstanbul : _bBilge Kültür Sanat, _c2010 |
||
| 300 | _a304 p. | ||
| 650 | 4 | _aDil ve Edebiyat | |
| 650 | 4 | _aLanguage and Literature | |
| 650 | 0 |
_aMevlana Celaleddin Rumi, 1207-1273 _x Özlü sözler _x Hikayeler |
|
| 650 | 0 |
_aJalal al-Din Rumi, Maulana, 1207-1273 _x Beautiful words _x Stories |
|
| 650 | 7 |
_aRELIGION / Philosophy _2bisacsh |
|
| 700 | 1 | _aZeren, Mehmet | |
| 856 | 4 | 0 | _uhttp://search.ebscohost.com/login.aspx?direct=true&scope=site&db=e011xww&AN=716578 |
| 999 |
_c12077 _d12077 |
||